S. Chand's ICSE Computer Applications; (Record no. 207142)

MARC details
000 -LEADER
fixed length control field 00606 a2200193 4500
005 - DATE AND TIME OF LATEST TRANSACTION
control field 20241128143013.0
010 ## - LCCN (DPL NO)
LC control number B-761278
020 ## - INTERNATIONAL STANDARD BOOK NUMBER
International Standard Book Number 9789364686426
Terms of availability 540.00
035 ## - SYSTEM CONTROL NUMBER
System control number B-761278
037 ## - SOURCE OF ACQUISITION
Source of stock number/acquisition Gift/28.11.24
082 ## - DEWEY DECIMAL CLASSIFICATION NUMBER
Classification number 005.3
100 ## - MAIN ENTRY--PERSONAL NAME
Personal name Mehrotra, Dheeraj
245 ## - TITLE STATEMENT
Title S. Chand's ICSE Computer Applications;
Remainder of title Asper 2026 Syllabus for Class X Book 2/
Statement of responsibility, etc Mehrotra, Dheeraj
260 ## - PUBLICATION, DISTRIBUTION, ETC. (IMPRINT)
Place of publication, distribution, etc U.P.
Name of publisher, distributor, etc S. Chand's
Date of publication, distribution, etc 2025
270 ## - ADDRESS
Address U. P.
300 ## - PHYSICAL DESCRIPTION
Extent 405 p.
Dimensions 25cm (Pb)
942 ## - ADDED ENTRY ELEMENTS (KOHA)
Institution code [OBSOLETE] dpl
Item type Children Books
Source of classification or shelving scheme Dewey Decimal Classification
Classification part 005.3
Call number suffix MEH
Holdings
Withdrawn status Lost status Not for loan Collection code Home library Current library Date acquired Source of acquisition Cost, normal purchase price Full call number Barcode Copy number Cost, replacement price Koha item type Public note
      Non-fiction Ashok Vihar Ashok Vihar 28/11/2024 Gift/28.11.24 540.00 005.3 MEH B-761278 1 540.00 Children Books Gift

© Delhi Public Library
Hit Counter
free hit counter